| 000 | 00812nam a2200229 i 4500 | ||
|---|---|---|---|
| 001 | 141671 | ||
| 003 | ES-MaACL | ||
| 005 | 20250901032927.0 | ||
| 007 | t| | ||
| 008 | 070926s1917 fr ||||1| fre d | ||
| 100 | 1 |
_aVincent, Hyacinthe. _9115307 |
|
| 245 | 1 | 4 |
_aLes dysenteries, le choléra asiatique, le typhus exanthématique _b: / _cpar H. Vincent et L. Muratet. |
| 260 |
_aParis : _bMasson, _c1917. |
||
| 300 |
_a184 p. ; _c19 cm. |
||
| 490 | 1 | _aCollection horizon. Précis de médecine et de chirigie de guerre | |
| 650 | 7 |
_aCólera _2embne _911143 |
|
| 650 | 1 | 4 |
_aTifus exantemático. _917539 |
| 700 | 1 |
_aMuratet, Leon Marie Paul Arnaud. _984543 |
|
| 830 | 0 |
_aCollection horizon. Précis de médecine et de chirigie de guerre _9220431 |
|
| 852 |
_aES-MaACL _jB-11643 |
||
| 999 |
_c141671 _d141671 |
||